<?xml version="1.0" encoding="UTF-8"?>
<collection xmlns="http://www.loc.gov/MARC21/slim">
<record>
  <controlfield tag="001">131255</controlfield>
  <controlfield tag="005">20240207134000.0</controlfield>
  <datafield tag="037" ind1=" " ind2=" ">
    <subfield code="a">CALTITU_IRA-2021-101-275</subfield>
  </datafield>
  <datafield tag="041" ind1=" " ind2=" ">
    <subfield code="a">spa</subfield>
  </datafield>
  <datafield tag="245" ind1=" " ind2=" ">
    <subfield code="a">Informe de evaluación para la renovación de la acreditación del Graduado en Enfermería en E. U. de Enfermería de Huesca (curso 2021-2022)</subfield>
  </datafield>
  <datafield tag="260" ind1=" " ind2=" ">
    <subfield code="a">Zaragoza</subfield>
    <subfield code="b">Universidad de Zaragoza</subfield>
    <subfield code="c">2021-2022</subfield>
  </datafield>
  <datafield tag="521" ind1=" " ind2=" ">
    <subfield code="9">101</subfield>
    <subfield code="a">Graduado en Enfermería</subfield>
  </datafield>
  <datafield tag="540" ind1=" " ind2=" ">
    <subfield code="a">by-nc-sa</subfield>
    <subfield code="b">Creative Commons</subfield>
    <subfield code="c">3.0</subfield>
    <subfield code="u">http://creativecommons.org/licenses/by-nc-sa/3.0/</subfield>
  </datafield>
  <datafield tag="856" ind1="0" ind2=" ">
    <subfield code="f">mamenx@unizar.es</subfield>
  </datafield>
  <datafield tag="856" ind1="4" ind2=" ">
    <subfield code="s">1611715</subfield>
    <subfield code="u">http://zaguan.unizar.es/record/131255/files/CALTITU_IRA-2021-101-275.pdf</subfield>
  </datafield>
  <datafield tag="970" ind1=" " ind2=" ">
    <subfield code="a">CALTITU_IRA-2021-101-275</subfield>
  </datafield>
  <datafield tag="918" ind1="1" ind2=" ">
    <subfield code="d">28/05/2008</subfield>
    <subfield code="o">Fecha de aprobación de la Memoria de Verificación</subfield>
  </datafield>
  <datafield tag="918" ind1="2" ind2=" ">
    <subfield code="d">28/01/2021</subfield>
    <subfield code="o">Fecha de solicitud de renovación</subfield>
  </datafield>
  <datafield tag="918" ind1="3" ind2=" ">
    <subfield code="d">04/10/2021</subfield>
    <subfield code="o">Fecha del informe de renovación de ACPUA</subfield>
  </datafield>
  <datafield tag="980" ind1=" " ind2=" ">
    <subfield code="a">CALTITU_IRA</subfield>
    <subfield code="c">275</subfield>
  </datafield>
</record>
</collection>